[Event "HCL-C165"]
[Site "www.playchess.de"]
[Date "2001.02.13"]
[Round "11"]
[White "Translightor"]
[Black "Elrond"]
[WhiteElo "1408"]
[BlackElo "1500"]
[PlyCount "76"]
[Result "0-1"]

1.e4 {Hallo und viel Spaß!}  c5 {Hallo hoffentlich 
:-).}  2.Nf3 d6 3.d4 cxd4 4.Nxd4 a6 5.c4 Nf6 6.Bd3 
Nc6 7.Nxc6 bxc6 8.O-O e5 9.Nc3 Be7 10.h3 Be6 
11.Qe2 Nd7 12.Be3 Qa5 13.a3 c5 {man spiel ich ein 
kaese}  14.Bd2 {Mir fällt im Moment auch nicht 
viel ein.}  Qc7 {vielleicht findest du das ja 
auch?!}  15.b4 {Dafür ist es aber wohl doch noch 
zu früh.}  O-O {ok das naechste mal ist es an 
dir...}  16.Rfb1 {Alles klar, ist gespeichert.}  
Rfb8 17.Nd5 Bxd5 {das ist ja nun erzwungen}  
18.exd5 {Die Zukunft wird zeigen, ob das 
Läuferpaar oder die Bauernmehrheit am Damenflügel 
was wert sind.}  g6 {na denn mal los}  19.f4 Bf6 
20.Ra2 Rbe8 21.fxe5 {Hm, du scheinst auch nicht so 
ganz ohne Trümpfe zu sein.}  Bxe5 {Ja, ich hab 
durchaus Gegenspiel.}  22.Qf3 Bd4+ 23.Kh1 Ne5 
24.Qf1 Qe7 {mal sehen wie's so weiter geht...}  
25.Bh6 Ng4 26.Re2 Qh4 27.Bf4 {Sah schon mal besser 
aus für mich...}  Rxe2 {stimmt ... ich sagte doch 
das naechste mal musst du remis anbieten...nun 
laeuft mein angriff}  28.Qxe2 {Ich fürchte, dass 
ich nicht mehr zum Remisanbieten kommen - außer um 
mich lächerlich zu machen...}  Nf2+ {ja das 
stimmt... uebrigens mit 26 Df4 hast du vermutlich 
die letzte remischance verpasst..}  29.Kh2 Qxf4+ 
{Uebrigens ueber welchen Irren unterhaltet ihr 
Euch (ATP-Translightor)?}  30.g3 {FOFAO. Im 3. Zug 
fragt er mich nach dem Alter, 6. Zug: "Shut up." 
7.:"Go to hell." 8.: "Fuck you!!!"}  Qh6 {es ist 
immer gut zu wissen wen man vermeiden sollte...}  
31.h4 {Anscheinend hat FOFAO diesen Server ganz 
verlassen, um Leute wie mich zu vermeiden.}  Nxd3 
{das ist gut! und wie habt ihr ihn los 
gekriegt...?}  32.Qxd3 {Ich weiß nicht, ob er sich 
gegen andere auch so benommen hat, auf jeden Fall 
zieht er nirgendwo mehr}  Re8 {nun gut weiter 
geht's}  33.bxc5 {Bis auf ein paar Schäfermatts 
hat FAFAO bei playchess sowieso nichts gezeigt.}  
Bxc5 {hmmm also keine bereicherung!}  34.a4 {Du 
sagst es. Und um sich verbal auszutoben, gibt es 
woanders bessere Gelegenheiten.}  Qe3 {ja zum 
beispiel beim psychologen...}  35.Qxe3 {Da ich 
mich in dieser Partie nicht mehr lange halten 
werde, schonmal herzlichen Glückwunsch!}  Rxe3 
{danke es war ein gutes spiel.}  36.Rb8+ Kg7 {-)}  
37.Ra8 {Vielleicht schaffe ich's ja, den a-Bauern 
durchzubringen :-)}  Rc3 {nee ich hab sogar die 
zeit 2 Bauern abzuholen.}  38.Rxa6 {Um meinen 
Gewinnplan zu zeigen reichen 100 Zeichen nicht 
aus; v. a. darfst Du nicht auch noch ziehen}  Rxc4 
{-D. Leider gibt's Zugzwang :-).} 
 0-1

[Event "HCL-C165"]
[Site "www.playchess.de"]
[Date "2001.02.13"]
[Round "15"]
[White "ATP"]
[Black "Elrond"]
[WhiteElo "1820"]
[BlackElo "1500"]
[PlyCount "28"]
[Result "1/2-1/2"]

1.Nf3 {*handshake* viel Spass}  d5 {*handshake* ok 
viel spass!}  2.g3 Nf6 3.Bg2 g6 4.O-O Bg7 5.d4 O-O 
6.c4 c6 7.cxd5 cxd5 8.Nc3 e6 {ende der symmetrie}  
9.Ne5 { )}  Nfd7 10.f4 Nxe5 11.fxe5 f6 12.exf6 
Rxf6 13.Rxf6 Bxf6 14.e3 Nc6 1/2-1/2

[Event "HCL-C170"]
[Site "www.playchess.de"]
[Date "2001.02.13"]
[Round "12"]
[White "dakini"]
[Black "Translightor"]
[WhiteElo "1432"]
[BlackElo "1422"]
[PlyCount "80"]
[Result "0-1"]

1.d4 Nf6 {Hallo und willkommen bei dieser (fast) 
deutschen Meisterschaft!}  2.Bg5 {Auf ein schönes 
Spiel!}  Ne4 3.Bf4 c5 4.d5 Qb6 5.Bc1 g6 6.f3 Nf6 
7.e4 d6 8.c3 Bg7 9.a4 O-O 10.Na3 a6 11.Nc4 Qc7 
12.Bf4 Nbd7 13.Bd3 b6 14.Ne2 Bb7 15.Qb3 Rfb8 
16.O-O {Was für ein Gewusel!}  Bc8 {Mach das Brett 
größer - ich brauche mehr Platz!}  17.Rfe1 {Bin 
mal gespannt wie der Knoten platzt hier ...}  Nh5 
18.Bg5 Nhf6 19.f4 {Jetzt gehts los ... Keine 
Ahnung wie das ausgehen wird, war aber 
interessant...}  Nf8 {Für mich war wichtig, dass 
Dein Läufer im Moment des Urknalls nicht mehr auf 
f4 steht.}  20.f5 {Bis hierher war es sehr 
interessant. Aber mehr Züge kann ich nicht mehr 
vorausplanen. Mal schauen wa}  Ra7 {Glückwunsch 
zum Aufstieg in Klasse B. Ich folge in 3 Tagen 
(C138).}  21.Ng3 {na dann auch Herzlichen 
Glückwunsch. Ich galube ,Neuanmeldungen manden 
augenbl. sofort in "B"}  b5 {Mal das 
Schlachtgetümmel auf den anderen Flügel verlagern, 
wo ich besser stehe!}  22.axb5 
{DuhastjaauchlangegenugrumrangiertderPChierinderkneipehateinedefekteLeertastesorry} 
 axb5 {Der PC hier im Internet-Cafe hat eine 
ausgeleierte Maus!}  23.fxg6 {Wieso ist unser 
Fenster hier soweit aufgezogen?}  hxg6 {Versteh 
ich nicht - bei mir sieht alles ganz normal aus!}  
24.Nd2 {Jetzt ist es wieder normal; es war doppelt 
so lang aufgezogen.}  Rxa1 {Auf dem Brett lichtet 
es sich allmählich auch.}  25.Rxa1 {Ich vermag das 
ganze überhaupt noch nicht einzuschätzen.}  c4 {So 
'ne Gabel sieht jedenfalls immer gut aus.}  
26.Nxc4 {So ein Käse! Aber bisher sah es ganz gut 
aus. Weiter!}  bxc4 {So lobe ich mir das 
Abtauschen: eigene Bauern gegen fremde Figuren!}  
27.Qxc4 Qxc4 28.Bxc4 Rxb2 29.Ra7 Rb7 30.Rxb7 Bxb7 
31.h3 N8d7 {So weit, so gut: Nach dem Gematsche 
kommt jetzt der technische Teil.}  32.Be3 {Ich bin 
offengestanden in den seltensten Fällen soweit 
gekommen ... Spielst Du eigentlich im Verein?}  
Ne5 {Ja (Verbandsliga). Du nicht? Stark genug 
spielst Du.}  33.Bb5 {Danke für das Kompliment. 
Ich spiele seit 1 Jahr online und erwäge bald 
einem Verein beizutreten}  e6 {Muss doch auch Spaß 
machen, mal gegen richtige Menschen zu spielen - 
so wie es früher alle taten...}  34.c4 {Was machst 
Du beruflich wenn ich fragen darf?}  Kh7 {Ich 
arbeite als selbständiger Übersetzer, und Du?}  
35.c5 {Daher "Translightor" ;-)  Ich bin Zahnarzt, 
hatte mal einen netten Kollegen von Dir (med. 
Übersetzer}  dxc5 {Genau - mein Spezialgebiet ist 
Lichttechnik, bekomme aber alles Mögliche 
(Verträge usw.)}  36.d6 {Dein Kollege war fast 
fitter als die Ärzte selbst. Mich hat er immer 
erst geprüft ...}  Nfd7 {Man sollte Ahnung von 
seinem Fachgebiet haben, denn auch bei uns kann 
ein Kunstfehler teuer werden!}  37.Bxc5 {Wo nimmst 
Du denn dann noch die Konzentration für 
Verbandsligaschach her? Respekt!}  Nxc5 {Nicht 
gleichzeitig übersetzen!}  38.Ne2 {Da habe ich 
mich doch leider vertan ... Ein paar Züge würde 
ich gerne noch machen. Gratuliere war sc}  Bxe4 
{Stimmt, Dein Material ist jetzt doch stark 
reduziert. Vielleicht liegt's am "Gelaber"...}  
39.Nc3 {Vielleicht treffen wir ja in einem anderen 
Turnier zu einer Revanche zusammen.}  Bc6 {Man 
sieht sich in Stufe B. Wie sind eigentlich Deine 
ersten Eindrücke dort?}  40.Ba6 {Ich schreibe dir 
das gleich über den "Contact Me" Menüpunkt hier.}  
Nxa6 {Der Zug sah jetzt aber eher nach 
Räuberschach aus!}  0-1

[Event "HCL-B166"]
[Site "www.playchess.de"]
[Date "2001.02.13"]
[Round "2"]
[White "pird"]
[Black "adamant"]
[WhiteElo "1498"]
[BlackElo "885"]
[PlyCount "51"]
[Result "1-0"]

1.e4 c5 2.d4 cxd4 3.c3 dxc3 4.Nxc3 Nc6 5.Nf3 d6 
6.Bc4 e6 7.O-O g6 8.Qe2 Bg7 9.Rd1 Bxc3 10.bxc3 Na5 
11.Ba3 Nxc4 12.Qxc4 b5 13.Qxb5+ Bd7 14.Qb4 Nf6 
15.Qxd6 Nxe4 16.Qd4 Nf6 17.Ne5 Qb6 18.Bc5 Qc7 
19.Nxd7 Kd8 20.Qxf6+ Kc8 21.Qxh8+ Kb7 22.Rab1+ Ka6 
23.Qxa8 h5 24.Rd6+ Qxd6 25.Qb7+ Ka5 {Good game.You 
caught me off guard this time. I owe you one!}  
26.Qb5+ 1-0

[Event "HCL-B173"]
[Site "www.playchess.de"]
[Date "2001.02.13"]
[Round "3"]
[White "Erik"]
[Black "chrisg"]
[WhiteElo "1457"]
[BlackElo "1601"]
[PlyCount "52"]
[Result "0-1"]

1.d4 {Viel Glück!}  d5 {wünsche ich Dir auch! Gruß 
Chris}  2.Bf4 Bf5 3.Nc3 c6 4.Nf3 e6 5.e3 Bd6 6.Ne5 
Ne7 7.Qh5 O-O 8.Bd3 f6 9.Nf3 Bxd3 10.cxd3 Bxf4 
11.exf4 Qb6 12.b3 Qb4 13.Rc1 Nf5 14.O-O Nxd4 
15.Nxd4 Qxd4 16.Qe2 Re8 17.f5 Nd7 18.fxe6 Nc5 
19.Rfd1 Nxe6 20.Rde1 Nf4 21.Qd2 {Oh je! Ich bin 
ganz schön unter Druck hier...}  Qxd3 {Hallo, ja, 
ich denke Du hättest eben Deine Dame gegen meine 2 
Türme tauschen sollen! Gruß Chris}  22.Qxf4 {Hmm, 
das hatte ich noch nicht einmal gesehen...}  Qxc3 
{Na ja, wir lernen ja alle dazu! Gruß Chris}  
23.h4 Rxe1+ 24.Rxe1 Qxe1+ 25.Kh2 Qe5 26.Qxe5 
{Gratuliere! (Hab' die letzten Züge völlig 
verschlafen...)}  fxe5 {Ja, schade, aber 
vielleicht treffen wir uns ja nochmal zu einer 
Revanche! würde mich freuen! Gruß C.} 
 0-1

[Event "HCL-C177"]
[Site "www.playchess.de"]
[Date "2001.02.13"]
[Round "13"]
[White "patzer"]
[Black "Cosmo"]
[WhiteElo "1000"]
[BlackElo "1072"]
[PlyCount "35"]
[Result "1-0"]

1.e4 {Viel Spaß!}  e5 {dir auch...}  2.f4 exf4 
3.Nf3 d6 4.Nc3 Bg4 5.Bc4 Nc6 6.O-O Nf6 7.d4 g6 
8.Bxf4 Bg7 9.Bb5 O-O 10.Qd2 Bxf3 11.Rxf3 Re8 
12.Bg5 Qc8 13.Bxf6 Bxf6 14.Rxf6 Rxe4 15.Nxe4 Qg4 
16.Bxc6 bxc6 17.Ng5 Re8 18.Nxf7 1-0

[Event "HCL-B174"]
[Site "www.playchess.de"]
[Date "2001.02.13"]
[Round "16"]
[White "Scaleo"]
[Black "mladsir"]
[WhiteElo "1500"]
[BlackElo "821"]
[PlyCount "23"]
[Result "1/2-1/2"]

1.e4 c5 2.Nf3 Nc6 3.d4 cxd4 4.Nxd4 Nf6 5.Nc3 d6 
6.Be2 e6 7.O-O Be7 8.Be3 a6 9.f4 Qc7 10.Bf3 O-O 
11.f5 Nxd4 12.Bxd4 {would you to the draw??} 
 1/2-1/2

[Event "ACL-A093"]
[Site "www.playchess.de"]
[Date "2001.02.13"]
[Round "6"]
[White "Scaleo"]
[Black "deepcover"]
[WhiteElo "1500"]
[BlackElo "1735"]
[PlyCount "26"]
[Result "0-1"]

1.e4 e5 2.Nf3 Nf6 3.Nxe5 d6 4.Nf3 Nxe4 5.d4 d5 
6.Bd3 Nc6 7.O-O Be7 8.Re1 Bg4 9.Bxe4 dxe4 10.Rxe4 
Bxf3 11.Qxf3 {draw now?}  Nxd4 12.Qc3 Ne6 13.Bh6 
{it is win}  Bf6 {for me?}  0-1

[Event "HCL-C179"]
[Site "www.playchess.de"]
[Date "2001.02.13"]
[Round "16"]
[White "lsoule"]
[Black "Translightor"]
[WhiteElo "872"]
[BlackElo "1418"]
[PlyCount "58"]
[Result "0-1"]

1.e4 {Hello from Santa Cruz, California}  c5 
{Hello from Hannover, Lower Saxony}  2.Nf3 e6 3.d4 
cxd4 4.Nxd4 a6 5.Bd3 Qc7 6.O-O Nf6 7.Nc3 d6 8.Be3 
Be7 9.Qd2 b5 10.a3 Bb7 11.b4 Nbd7 12.Nce2 Ne5 
13.Qc3 Rc8 14.Qxc7 Rxc7 15.Rac1 Nxe4 16.Bxe4 Bxe4 
17.Ng3 Bb7 18.f4 Nc4 19.Rfe1 Nxa3 20.c3 O-O 21.f5 
e5 22.Nf3 Rfc8 23.Bd2 Nc4 24.Re4 Bxe4 25.Nxe4 Nxd2 
26.Nfxd2 d5 27.Nf2 R7xc3 28.Rxc3 Rxc3 29.g4 
Bxb4 0-1

[Event "ACL-A096"]
[Site "www.playchess.de"]
[Date "2001.02.13"]
[Round "1"]
[White "bj2000de"]
[Black "chesssk"]
[WhiteElo "1500"]
[BlackElo "1500"]
[PlyCount "145"]
[Result "1-0"]

1.Nf3 Nf6 2.d4 e6 3.c4 d5 4.Bg5 c5 5.cxd5 cxd4 
6.Qxd4 exd5 7.Bxf6 gxf6 8.Nc3 Nc6 9.Qxd5 Qxd5 
10.Nxd5 Nb4 11.Nc7+ Kd8 12.Nxa8 Nc2+ 13.Kd2 Nxa1 
14.e4 Bb4+ 15.Kc1 b6 16.Bc4 Bb7 17.Bd5 Bxd5 
18.exd5 Kd7 19.Nxb6+ axb6 20.Kb1 Bc5 21.Kxa1 Kd6 
22.Rd1 Bxf2 23.Kb1 b5 24.Rf1 Be3 25.Ne1 Bg5 26.Nc2 
Re8 27.g3 Re5 28.h4 Bd2 29.Rd1 Rxd5 30.Na3 Be3 
31.Nxb5+ Kc6 32.Rxd5 Kxd5 33.Nc3+ Ke5 34.Kc2 f5 
35.Ne2 h5 36.a4 Bf2 37.a5 Kd5 38.Nf4+ Kc6 39.Nxh5 
f4 40.Nxf4 Bxg3 41.Ng2 Kb5 42.h5 Kxa5 43.Ne3 Kb5 
44.h6 Be5 45.h7 Kc5 46.Ng4 Bg7 47.Nh6 f6 48.Nf7 f5 
49.h8Q {%}  Bxh8 50.Nxh8 Kc4 51.Ng6 Kd4 52.Kb3 Kc5 
53.Ne7 f4 54.Ng6 f3 55.Ne5 f2 56.Nd3+ Kd5 57.Nxf2 
Kd4 58.Ka4 Kc5 59.b4+ Kb6 60.b5 Kc5 61.Ka5 Kd4 
62.b6 Kc5 63.b7 Kc6 64.b8Q {%}  Kd5 65.Kb5 Ke6 
66.Qe8+ Kf6 67.Kc4 Kf5 68.Kd4 Kf6 69.Ne4+ Kf5 
70.Ke3 Kg4 71.Qg6+ Kh4 72.Qg3+ Kh5 
73.Qg5+ 1-0

[Event "HCL-C190"]
[Site "www.playchess.de"]
[Date "2001.02.13"]
[Round "6"]
[White "nikolayk"]
[Black "Yarwood"]
[WhiteElo "1000"]
[BlackElo "1000"]
[PlyCount "63"]
[Result "1-0"]

1.e4 e5 {good luck my friend}  2.Nf3 Nc6 3.d4 Bb4+ 
4.c3 Bd6 5.b3 f6 6.Ba3 Bxa3 7.Nxa3 d6 8.Bb5 a6 
9.Bxc6+ bxc6 10.O-O d5 11.dxe5 fxe5 12.Nxe5 Bd7 
13.Qh5+ g6 14.Nxg6 Nf6 15.Qh6 Rg8 16.Nf4 Ng4 
17.Qxh7 Qg5 18.Qh5+ Qxh5 19.Nxh5 Rh8 20.f3 Rxh5 
21.exd5 Nxh2 22.dxc6 Nxf1 23.cxd7+ Kxd7 24.Rxf1 
Ra5 25.Nc4 Rxa2 26.Rf2 Rxf2 27.Kxf2 Rb8 28.b4 Kc6 
29.g4 Kb5 30.Ne5 a5 31.bxa5 Kxa5 
32.Nc6+ 1-0

[Event "HCL-B164"]
[Site "www.playchess.de"]
[Date "2001.02.13"]
[Round "14"]
[White "Vampyr"]
[Black "Gruhni"]
[WhiteElo "1728"]
[BlackElo "1369"]
[PlyCount "31"]
[Result "1/2-1/2"]

1.e4 e5 2.Nf3 Nc6 3.Bb5 a6 4.Ba4 d6 5.c3 Nf6 6.d4 
Bd7 7.Bc2 h6 8.O-O Be7 9.Be3 O-O 10.d5 Na7 11.b4 
c6 12.c4 b5 13.c5 {Would you the draw?}  Ng4 {Yes, 
I would!}  14.Qd2 {why?Won't you win the 
tournament?}  Nxe3 {No, I'm a modest person, not 
like Vampyr ;)}  15.Qxe3 Bg4 16.Nbd2 {c} 
 1/2-1/2

[Event "HCL-B164"]
[Site "www.playchess.de"]
[Date "2001.02.13"]
[Round "25"]
[White "iq160"]
[Black "Gruhni"]
[WhiteElo "1301"]
[BlackElo "1369"]
[PlyCount "41"]
[Result "1-0"]

1.e3 e5 2.c4 c6 3.Nc3 Nf6 4.d4 exd4 5.exd4 d5 
6.cxd5 cxd5 7.Bd3 {Mahlzeit}  Nc6 {Mahlzeit und 
Gratulation zu deinem Sieg im anderen Spiel!}  
8.Nge2 {danke hab ich doch gern gemacht}  Bb4 {Ist 
dein IQ wirklich 160 oder ist das Wunschdenken ;)} 
 9.O-O {ne mein IQ ist noch nie gemessen worden. 
Ist nur ne grobe selbsteinschätzung. Abi-Note*100} 
 Bxc3 {Dann wäre mein Wert 210. Scheiss Deutsch, 
Englisch und Geschichte ;)}  10.bxc3 {da stimmt 
mit der Formel was nicht-je schlechter die Note 
umso höher der IQ? obwohl, stimmt doch...}  O-O 
{... bei einigen schon :)}  11.Qb3 h6 12.Bf4 Nh5 
{Springer am Rand, ist ne Schand!}  13.Be3 Nf6 
14.Qd1 {jawohl}  Bg4 15.f3 Be6 16.Qd2 Qd7 17.Bxh6 
Rfe8 {Fällt mir schwer zu sagen, aber jetzt wirds 
unangenehm für mich!}  18.Qg5 {hahaaaa}  Kf8 {Ja, 
ja. Mach dich nur lustig!}  19.Bxg7+ {vielleicht 
liegt's am Stuhl. Wenn man unbequem sitzt}  Ke7 
{Stimmt, vor unserer nächsten Partie werde ich den 
Stuhl wechseln, diese hast du leider auch 
gewonnen}  20.Bxf6+ {den Chef-Sessel schlag ich 
vor}  Kd6 {Gute Idee! Nach deinem nächsten Zug 
gebe ich auf, falls du nicht die Dame auf e5 
ziehst!}  21.Qf4+ {nee natürlich zieh ich nach f4} 
 1-0

[Event "HCL-C030"]
[Site "www.playchess.de"]
[Date "2001.02.13"]
[Round "4"]
[White "aliasmaster"]
[Black "katrina"]
[WhiteElo "1000"]
[BlackElo "800"]
[PlyCount "25"]
[Result "1-0"]

1.e4 e5 2.Nf3 Nc6 3.Be2 Nf6 4.O-O Nxe4 5.c3 d5 
6.d4 exd4 7.cxd4 Bd6 8.Nbd2 O-O 9.Re1 Qf6 10.a3 
Nxd4 11.b4 Nxe2+ 12.Rxe2 Qxa1 13.Nxe4 1-0

[Event "HCL-C030"]
[Site "www.playchess.de"]
[Date "2001.02.13"]
[Round "5"]
[White "katrina"]
[Black "COMETIN"]
[WhiteElo "800"]
[BlackElo "1000"]
[PlyCount "55"]
[Result "1-0"]

1.e4 e5 2.Nf3 Nc6 3.Bb5 a6 4.Ba4 d5 5.Nxe5 Qd6 
6.d4 b5 7.Bb3 Be6 8.Nxc6 Qxc6 9.exd5 Bxd5 10.Bxd5 
Qxd5 11.O-O Bd6 12.Nc3 Qf5 13.Ne4 Nf6 14.Nxf6+ 
Qxf6 15.Re1+ Be7 16.Qe2 Rd8 17.Bf4 c6 18.a4 Rxd4 
19.Be5 Qe6 20.Bxd4 Qxe2 21.Rxe2 f6 22.Bc5 Kd7 
23.Rxe7+ Kd8 24.Rd1+ Kc8 25.Rdd7 bxa4 26.Rda7 Kb8 
27.Bd6+ Kc8 28.Ra8+ 1-0

[Event "HCL-C030"]
[Site "www.playchess.de"]
[Date "2001.02.13"]
[Round "7"]
[White "camos"]
[Black "aliasmaster"]
[WhiteElo "1133"]
[BlackElo "1000"]
[PlyCount "27"]
[Result "1-0"]

1.e4 e5 2.f3 Nf6 3.d4 exd4 4.Qxd4 Be7 5.Bd2 O-O 
6.Nc3 Re8 7.O-O-O c5 8.Qc4 d6 9.Nh3 Bf8 10.Ng5 Re7 
11.a4 b6 12.b3 Bb7 13.Qd3 Rd7 14.Nd5 1-0

[Event "HCL-C030"]
[Site "www.playchess.de"]
[Date "2001.02.13"]
[Round "8"]
[White "COMETIN"]
[Black "camos"]
[WhiteElo "1000"]
[BlackElo "1133"]
[PlyCount "41"]
[Result "1-0"]

1.e4 e5 2.a4 Nc6 3.c3 Nf6 4.d4 Qe7 5.Bd3 Rb8 6.b3 
exd4 7.Qe2 Qe6 8.Nf3 Bd6 9.Bg5 Qg4 10.O-O Qh5 
11.cxd4 Ng4 12.h3 Nxd4 13.Nxd4 O-O 14.Qxg4 Qg6 
15.Rd1 Be5 16.Be3 Qd6 17.Nf5 Bh2+ 18.Kh1 Qe5 
19.Bh6 Qxa1 20.Bxg7 Be5 21.Bxe5+ 1-0

[Event "HCL-C030"]
[Site "www.playchess.de"]
[Date "2001.02.13"]
[Round "10"]
[White "katrina"]
[Black "camos"]
[WhiteElo "800"]
[BlackElo "1133"]
[PlyCount "59"]
[Result "1-0"]

1.d4 d5 2.c4 c6 3.Nf3 Qd6 4.e3 Qb4+ 5.Nc3 Nf6 6.a3 
Qd6 7.c5 Qc7 8.Bd3 e6 9.O-O Nbd7 10.b4 e5 11.dxe5 
Nxe5 12.Nxe5 Qxe5 13.Bb2 Ng4 14.g3 Qh5 15.h4 Be7 
16.Qf3 g5 17.Nxd5 cxd5 18.Bxh8 Qxh4 19.gxh4 gxh4 
20.Bf5 Be6 21.Qxg4 O-O-O 22.Bxe6+ fxe6 23.Qxe6+ 
Kb8 24.Be5+ Rd6 25.Bxd6+ Bxd6 26.Qxd6+ Kc8 27.Rac1 
h3 28.c6 d4 29.Qd7+ Kb8 30.Qd8+ 1-0

[Event "HCL-C030"]
[Site "www.playchess.de"]
[Date "2001.02.13"]
[Round "14"]
[White "Doktor"]
[Black "katrina"]
[WhiteElo "1000"]
[BlackElo "800"]
[PlyCount "41"]
[Result "1-0"]

1.e4 e5 2.Nf3 Nc6 3.d4 exd4 4.Nxd4 Bc5 5.Be3 Qf6 
6.c3 Nge7 7.Bc4 Ne5 8.Nd2 Nxc4 9.Nxc4 Nc6 10.Nxc6 
Bxe3 11.Nxe3 dxc6 12.Qf3 Qxf3 13.gxf3 Be6 14.a3 
O-O-O 15.O-O Rd2 16.b4 Rhd8 17.Rfd1 R2xd1+ 18.Rxd1 
Rxd1+ 19.Nxd1 Kd7 20.Kf1 Kd6 21.Ke2 1-0

[Event "HCL-C030"]
[Site "www.playchess.de"]
[Date "2001.02.13"]
[Round "15"]
[White "camos"]
[Black "Doktor"]
[WhiteElo "1133"]
[BlackElo "1000"]
[PlyCount "82"]
[Result "0-1"]

1.e4 e5 2.Nf3 Nc6 3.d3 d5 4.Nc3 Nf6 5.Be3 d4 6.Bd2 
dxc3 7.Bxc3 Bb4 8.Ng5 Bxc3+ 9.bxc3 h6 10.Nh3 Ne7 
11.Rb1 c5 12.c4 Qa5+ 13.Qd2 Qxa2 14.Qc1 Qa4 15.Be2 
Bxh3 16.gxh3 b6 17.Rg1 Ng6 18.h4 h5 19.Bd1 Qd7 
20.Qa3 O-O 21.d4 Qxd4 22.Rg5 Qxe4+ 23.Kf1 Qxc4+ 
24.Qd3 Qxd3+ 25.cxd3 Rfd8 26.Bxh5 Nxh5 27.Rxh5 
Rxd3 28.Kg1 Rad8 29.Rg5 R3d1+ 30.Rxd1 Rxd1+ 31.Kg2 
Re1 32.h5 Nf8 33.h6 g6 34.h4 Kh7 35.h5 c4 36.f4 c3 
37.f5 c2 38.hxg6+ fxg6 39.fxg6+ Nxg6 40.Kg3 c1Q 
41.Kg4 Rg1+ 0-1

[Event "HCL-C030"]
[Site "www.playchess.de"]
[Date "2001.02.13"]
[Round "17"]
[White "COMETIN"]
[Black "CEAuke"]
[WhiteElo "1000"]
[BlackElo "864"]
[PlyCount "48"]
[Result "1-0"]

1.e4 e6 2.c4 Bc5 3.Nf3 Nf6 4.e5 Ng4 5.d4 Bb6 6.h3 
Nh6 7.Bxh6 gxh6 8.Qd2 h5 9.Nc3 Ba5 10.Bd3 Nc6 
11.O-O d5 12.exd6 e.p 13.cxd6 a3 14.e5 dxe5 
15.dxe5 Rae1 16.f6 b4 17.Bc7 Qh6 18.Qxd3 Qxh5+ 
19.Ke7 Nd5+ 20.Kd6 Red1 21.Qxa3 Nxf6+ 22.Nd4 Qxe5+ 
23.Kc6 Nxd4+ 24.Kb6 Qb5+ 1-0

[Event "HCL-C030"]
[Site "www.playchess.de"]
[Date "2001.02.13"]
[Round "19"]
[White "katrina"]
[Black "CEAuke"]
[WhiteElo "800"]
[BlackElo "864"]
[PlyCount "42"]
[Result "0-1"]

1.e4 d6 2.d4 c5 3.c3 Qb6 4.Bc4 cxd4 5.Qf3 Be6 
6.Bxe6 fxe6 7.cxd4 Qxd4 8.Ne2 Qb6 9.O-O g6 10.Nbc3 
Bh6 11.Bxh6 Nxh6 12.Qh3 Nf7 13.Qxe6 Nd7 14.Nd5 Qd8 
15.Nd4 Ng5 16.Qg4 h6 17.h4 Ne5 18.Qg3 Nxe4 19.Qf4 
Nf6 20.Nxf6+ exf6 21.Rfe1 Rh7 0-1

[Event "HCL-C030"]
[Site "www.playchess.de"]
[Date "2001.02.13"]
[Round "20"]
[White "CEAuke"]
[Black "camos"]
[WhiteElo "864"]
[BlackElo "1133"]
[PlyCount "50"]
[Result "0-1"]

1.e3 e5 2.Bc4 Nf6 3.Ne2 e4 4.Ng3 d5 5.Bb3 c6 6.c4 
Bg4 7.f3 exf3 8.gxf3 Bh3 9.Nc3 Nbd7 10.cxd5 Nc5 
11.dxc6 Nd3+ 12.Ke2 bxc6 13.Bc4 Ne5 14.Qb3 Bg2 
15.Rg1 Bxf3+ 16.Ke1 Nd3+ 17.Bxd3 Qxd3 18.Rf1 Bd6 
19.Rxf3 O-O 20.h4 h5 21.Qb7 Ng4 22.Qxc6 Nh2 
23.Rxf7 Kxf7 24.Qd7+ Kg8 25.Nxh5 
Qf1+ 0-1

[Event "HCL-C030"]
[Site "www.playchess.de"]
[Date "2001.02.13"]
[Round "25"]
[White "wharris"]
[Black "katrina"]
[WhiteElo "1000"]
[BlackElo "800"]
[PlyCount "23"]
[Result "1-0"]

1.e4 e5 2.f4 exf4 3.Nf3 Be7 4.Bc4 Bh4+ 5.Kf1 d5 
6.Bxd5 Nf6 7.d3 Bg4 8.Nc3 Nc6 9.Bxf4 Nd4 10.Bxf7+ 
Kf8 11.Bb3 Nxf3 12.gxf3 1-0

[Event "HCL-C030"]
[Site "www.playchess.de"]
[Date "2001.02.13"]
[Round "26"]
[White "camos"]
[Black "wharris"]
[WhiteElo "1133"]
[BlackElo "1000"]
[PlyCount "64"]
[Result "0-1"]

1.e4 e5 2.d4 exd4 3.Qxd4 Nc6 4.Qd3 Bc5 5.Nf3 Nf6 
6.Nc3 O-O 7.e5 Re8 8.Ng5 Nxe5 9.Qe2 Nd3+ 10.cxd3 
Rxe2+ 11.Bxe2 d5 12.O-O Bf5 13.Bd2 c6 14.Rae1 h6 
15.Nf3 Qc7 16.g3 Bh3 17.d4 Bd6 18.Bd3 Bxf1 19.Kxf1 
Qd7 20.h4 Re8 21.Be3 Ng4 22.Ne5 Nxe5 23.dxe5 Bxe5 
24.a3 d4 25.Bf4 Bxf4 26.Ne4 f5 27.Bc4+ Kh8 28.f3 
fxe4 29.fxe4 Bxg3 30.Re2 Qh3+ 31.Rg2 Qh1+ 32.Rg1 
Rf8+ 0-1

[Event "HCL-C030"]
[Site "www.playchess.de"]
[Date "2001.02.13"]
[Round "28"]
[White "CEAuke"]
[Black "wharris"]
[WhiteElo "864"]
[BlackElo "1000"]
[PlyCount "58"]
[Result "0-1"]

1.e3 e5 2.Qf3 d5 3.Nc3 e4 4.Qh5 Nf6 5.Qe5+ Be7 
6.Nb5 Na6 7.Nd4 O-O 8.Bxa6 bxa6 9.Nc6 Bd6 10.Nxd8 
Bxe5 11.Nc6 Bd6 12.d4 Bd7 13.Ne5 Bb5 14.Ne2 Rfe8 
15.f4 c5 16.b3 Rac8 17.c4 Bd7 18.Ba3 Be6 19.Rc1 
Re7 20.cxd5 Bxe5 21.fxe5 Nxd5 22.Bxc5 Rec7 23.Kd2 
a5 24.Nf4 Nxf4 25.exf4 Bd5 26.Bxa7 e3+ 27.Kxe3 
R7xc1 28.Rxc1 Rxc1 29.Kf2 Rc2+ 0-1

[Event "HCL-A046"]
[Site "www.playchess.de"]
[Date "2001.02.14"]
[Round "6"]
[White "Mandrake"]
[Black "Gearloose"]
[WhiteElo "1498"]
[BlackElo "2016"]
[PlyCount "26"]
[Result "0-1"]

1.d4 d6 2.c4 Nd7 3.Nc3 e5 4.e3 Ngf6 5.Nf3 Be7 
6.Bd3 c6 7.O-O O-O 8.h3 Re8 9.e4 exd4 10.Nxd4 Nc5 
11.Bc2 Ne6 12.Be3 Nxd4 13.Bxd4 
Be6 0-1

[Event "HCL-A046"]
[Site "www.playchess.de"]
[Date "2001.02.14"]
[Round "24"]
[White "Mandrake"]
[Black "Belka"]
[WhiteElo "1498"]
[BlackElo "1800"]
[PlyCount "26"]
[Result "0-1"]

1.g4 d5 2.Bg2 c6 3.e4 dxe4 4.Nc3 Nf6 5.h3 Be6 
6.Nxe4 Nxe4 7.Bxe4 Bd5 8.Qe2 Bxe4 9.Qxe4 Qd5 
10.Qxd5 cxd5 11.b3 Nc6 12.Bb2 Rc8 13.Nf3 
Nb4 0-1